000 00734nam a2200229 a 4500
999 _c3882
_d3882
001 3882
003 BD-JhCC
005 20180307094048.0
008 171119s2001 bg |||| |||| 000 0 ben d
020 _a98481601658
035 _a(BD-JhCC) 3882
040 _aBD-JhCC
_dBD-JhCC
041 _aben
082 _a891.4409
_bMUN 2001
245 _aমুনীর চৌধুরী রচনাসমগ্র ২ /
_cআনিসুজ্জামান,
260 _aঢাকা :
_bঅন্যপ্রকাশ,
_c২০০১.
300 _a৬৩৮পৃ. :
_c২১ সেমি.
650 _aCollection of works
700 _aআনিসুজ্জামান (সম্পা)
942 _2ddc
_cBK